| 000 | 01007njm a22003017a 4500 | ||
|---|---|---|---|
| 005 | 20100914152621.0 | ||
| 007 | sd ammalaaahaa | ||
| 008 | 100913t xxu||||| |||| 00| 0 hin d | ||
| 028 |
_a2392356 _bMusicIndia |
||
| 035 | _aGR-03756 | ||
| 040 | _aSED/VEN | ||
| 100 |
_aKishore Kumar _91184 |
||
| 245 |
_aBest of 81 Vol II / _cby Kishore Kumar _h[sound recording] : |
||
| 246 | _aBest of 81 Vol II / | ||
| 260 |
_aDum Dum India _bMusicIndia _c1982 |
||
| 300 |
_a1 sound disc [Gramophone record] : _banalog, 33 1/3 rpm _c12.5 in. (LP) _fGramophone Record |
||
| 500 | _aBrief Record | ||
| 500 | _aRecord label :MusicIndia, Red | ||
| 505 | _aSide-1 Zindagi milke bitayenge Side 2 Khatoon ki khidmat mein | ||
| 600 |
_aKishore Kumar _919992 |
||
| 650 |
_aHindi Film Song _xExcerpts _zIndia _919603 |
||
| 650 | _920739 | ||
| 700 | _919604 | ||
| 700 | _919605 | ||
| 700 | _920751 | ||
| 942 |
_2ddc _cGR |
||
| 999 |
_c47059 _d47059 |
||